| 000 | 00799nam a2200205 a 4500 | ||
|---|---|---|---|
| 003 | 0 | ||
| 005 | 20250305160955.0 | ||
| 008 | 090706s19uu xx 00 eng d | ||
| 050 |
_aPGS LB 1065 _b.P535 2009 |
||
| 100 | _aPhan, Daneth. | ||
| 245 |
_aPerceptions of lower school ILC Students on the effects of amount of sleep on their academic performance / _cDaneth Phan. |
||
| 260 |
_aLas PiƱas City, Philippines : _bSouthville International School and Colleges, _c2009. |
||
| 300 |
_a21 pages : _billustrations ; _c28 cm. |
||
| 504 | _aIncludes bibliographical references. | ||
| 650 |
_aSleep _vEffect on academic achievement. |
||
| 650 |
_aStudents _vSleep habits. |
||
| 650 |
_aAcademic achievement _vPsychological aspects. |
||
| 650 |
_aSleep _vCognitive effects. |
||
| 942 |
_2lcc _cPASS |
||
| 999 |
_c98199 _d98199 |
||